[Event "Benidorm op-A"]
[Site "Benidorm"]
[Date "2023.10.31"]
[Round "3"]
[White "Jordan Martinez, David"]
[Black "Rey Malde, Henrique"]
[Result "0-1"]
[WhiteElo "2120"]
[BlackElo "2207"]
[PlyCount "74"]
[EventDate "2023.10.29"]
[EventType "swiss"]
[EventRounds "9"]
[EventCountry "ESP"]
[SourceTitle "Mega2024 Update 01"]
[Source "Chessbase"]
[SourceDate "2023.11.12"]
[SourceVersion "1"]
[SourceVersionDate "2023.11.12"]
[SourceQuality "1"]

1. d4 Nf6 2. c4 d6 3. Nf3 Nbd7 4. Nc3 e5 5. e4 g6 6. Be2 Bg7 7. 0-0 0-0 8. Qc2 Qe7 9. dxe5 dxe5 10. Nd5 Nxd5 11. cxd5 c6 12. dxc6 bxc6 13. Qxc6 Rb8 14. b3 Bb7 15. Qa4 Nc5 16. Ba3 Nxa4 17. Bxe7 Nc3 18. Bc4 Rfe8 19. Bc5 Nxe4 20. Bxa7 Ra8 21. Be3 Nd6 22. a4 Nxc4 23. bxc4 Ba6 24. Nd2 f5 25. Rfc1 f4 26. Bb6 e4 27. Ra2 Bb7 28. a5 Re6 29. Rac2 g5 30. h3 Bc6 31. Nb3 Rg6 32. Rd2 g4 33. hxg4 Rxg4 34. Rd6 Rc8 35. Kf1 Bf8 36. Rxc6 Rxc6 37. a6 Rxb6 0-1

[Event "Alicante Easter op 7th"]
[Site "La Nucia"]
[Date "2023.04.06"]
[Round "2"]
[White "Jordan Martinez, David"]
[Black "Brunello, Sabino"]
[Result "0-1"]
[WhiteElo "2137"]
[BlackElo "2510"]
[PlyCount "70"]
[EventDate "2023.04.05"]
[EventType "swiss"]
[EventRounds "9"]
[EventCountry "ESP"]
[SourceTitle "CBM 213 Extra"]
[Source "ChessBase"]
[SourceDate "2023.05.31"]
[SourceVersion "1"]
[SourceVersionDate "2023.05.31"]
[SourceQuality "1"]

1. Nf3 Nf6 2. d4 b6 3. g3 Bb7 4. Bg2 c5 5. dxc5 bxc5 6. c4 g6 7. 0-0 Bg7 8. Nc3 0-0 9. Qc2 Nc6 10. a3 Rb8 11. Rb1 d6 12. b4 cxb4 13. axb4 a5 14. b5 Nb4 15. Qb3 d5 16. c5 d4 17. c6 dxc3 18. Bf4 Bxc6 19. bxc6 Rc8 20. c7 Rxc7 21. Bxc7 Qxc7 22. Nd4 Nd7 23. e3 Bxd4 24. exd4 Nf6 25. Rfc1 c2 26. Ra1 Rd8 27. Ra2 Rxd4 28. Raxc2 Nxc2 29. Rxc2 Rd1+ 30. Bf1 Qd6 31. Ra2 Ne4 32. Kg2 Rd2 33. Bc4 e6 34. Rxa5 Rxf2+ 35. Kh3 Qd2 0-1

[Event "FACV-ch"]
[Site "Alcossebre"]
[Date "2022.06.16"]
[Round "7"]
[White "Luque Saiz, Andres"]
[Black "Jordan Martinez, David"]
[Result "1-0"]
[WhiteElo "2291"]
[BlackElo "2151"]
[PlyCount "111"]
[EventDate "2022.06.12"]
[EventType "tourn"]
[EventRounds "7"]
[EventCountry "ESP"]
[EventCategory "1"]
[SourceTitle "CBM 208 Extra"]
[Source "ChessBase"]
[SourceDate "2022.07.31"]
[SourceVersion "1"]
[SourceVersionDate "2022.07.31"]
[SourceQuality "1"]

1. e4 e5 2. Nf3 Nc6 3. Bc4 Nf6 4. d3 Bc5 5. 0-0 d6 6. c3 0-0 7. Nbd2 a6 8. Bb3 h6 9. h3 Ba7 10. Re1 Nh5 11. Nf1 Qf6 12. Be3 Bxe3 13. Nxe3 Nf4 14. Nd5 Nxd5 15. exd5 Ne7 16. d4 Ng6 17. dxe5 dxe5 18. Bc2 Bf5 19. Bxf5 Qxf5 20. Qb1 Qh5 21. Kh2 Nh4 22. Nxh4 Qxh4 23. Qf5 Rae8 24. Re4 Qg5 25. Qxg5 hxg5 26. Rd1 f6 27. Rb4 Rb8 28. d6 c6 29. Rb6 Rfd8 30. c4 Rd7 31. c5 Kf7 32. a4 Ke6 33. Kg3 Rh8 34. Rb4 Rb8 35. Kf3 Rh8 36. Ke3 g6 37. f3 a5 38. Rc4 Rh4 39. Rxh4 gxh4 40. Rd3 f5 41. Kd2 g5 42. Kc3 Rg7 43. Rd1 Rd7 44. Kc4 Rd8 45. Rg1 Rb8 46. Rd1 Rd8 47. Re1 Rd7 48. b4 axb4 49. Kxb4 Kd5 50. Rd1+ Ke6 51. Ka5 e4 52. fxe4 fxe4 53. Kb6 Ke5 54. a5 e3 55. a6 e2 56. Re1 1-0

[Event "FACV-ch"]
[Site "Alcossebre"]
[Date "2022.06.12"]
[Round "1"]
[White "Jordan Martinez, David"]
[Black "Macias Pino, Diego"]
[Result "0-1"]
[WhiteElo "2151"]
[BlackElo "2356"]
[PlyCount "48"]
[EventDate "2022.06.12"]
[EventType "tourn"]
[EventRounds "7"]
[EventCountry "ESP"]
[EventCategory "1"]
[SourceTitle "CBM 208 Extra"]
[Source "ChessBase"]
[SourceDate "2022.07.31"]
[SourceVersion "1"]
[SourceVersionDate "2022.07.31"]
[SourceQuality "1"]

1. d4 Nf6 2. Nf3 d5 3. g3 c5 4. Bg2 cxd4 5. 0-0 h6 6. b3 Bg4 7. Nxd4 e5 8. Nf3 Nc6 9. Bb2 Bd6 10. h3 Be6 11. e3 Qd7 12. Kh2 0-0 13. Nbd2 Qc7 14. c4 dxc4 15. Nxc4 Bxc4 16. bxc4 Rfd8 17. Qe2 e4 18. Nd2 Ne5 19. Nxe4 Nxe4 20. Bxe4 Qxc4 21. Qxc4 Nxc4 22. Bc3 Rac8 23. Bxb7 Rc7 24. Rab1 Nb6 0-1

[Event "La Nucia op"]
[Site "La Nucia"]
[Date "2021.10.06"]
[Round "1"]
[White "Jordan Martinez, David"]
[Black "Santos Ruiz, Miguel"]
[Result "0-1"]
[WhiteElo "2157"]
[BlackElo "2596"]
[PlyCount "66"]
[EventDate "2021.10.06"]
[EventType "swiss"]
[EventRounds "9"]
[EventCountry "ESP"]
[SourceTitle "CBM 204 Extra"]
[Source "ChessBase"]
[SourceDate "2021.11.30"]
[SourceVersion "1"]
[SourceVersionDate "2021.11.30"]
[SourceQuality "1"]

1. e4 c5 2. Nf3 d6 3. d4 cxd4 4. Nxd4 Nf6 5. f3 e5 6. Nb3 a5 7. c4 b5 8. Nc3 b4 9. Nd5 a4 10. Nd2 Nc6 11. Bd3 g6 12. Nxf6+ Qxf6 13. Nf1 Qh4+ 14. g3 Qd8 15. Ne3 Bh6 16. 0-0 Qb6 17. Re1 0-0 18. Kg2 Qc5 19. Bc2 a3 20. b3 Be6 21. Qd3 Nd4 22. Bd2 f5 23. Rf1 Ra7 24. Rae1 Raf7 25. Bd1 Kg7 26. Be2 Nc6 27. Rd1 fxe4 28. fxe4 Rxf1 29. Rxf1 Rxf1 30. Bxf1 Qd4 31. Nc2 Qb2 32. Bxh6+ Kxh6 33. Kf3 Qxc2 0-1

[Event "Alicante IRT op 15th"]
[Site "Alicante"]
[Date "2021.09.26"]
[Round "7"]
[White "Cinza Lopez, Javier"]
[Black "Jordan Martinez, David"]
[Result "0-1"]
[WhiteElo "2011"]
[BlackElo "2157"]
[PlyCount "76"]
[EventDate "2021.09.24"]
[EventType "swiss"]
[EventRounds "7"]
[EventCountry "ESP"]
[SourceTitle "CBM 204 Extra"]
[Source "ChessBase"]
[SourceDate "2021.11.30"]
[SourceVersion "1"]
[SourceVersionDate "2021.11.30"]
[SourceQuality "1"]

1. d4 d5 2. Nf3 Nf6 3. c4 dxc4 4. g3 c5 5. Bg2 Nc6 6. 0-0 cxd4 7. Qa4 Bd7 8. Qxc4 e5 9. Ng5 Qe7 10. b3 Na5 11. Qd3 h6 12. Ba3 Qd8 13. Bxf8 Kxf8 14. Ne4 Nxe4 15. Bxe4 h5 16. f4 Bh3 17. Rf2 Rc8 18. Nd2 a6 19. Nc4 Nxc4 20. bxc4 Be6 21. Rc1 b5 22. c5 exf4 23. Rxf4 h4 24. Bb7 hxg3 25. Rxd4 Qg5 26. Rd1 gxh2+ 27. Kh1 Rh3 28. Qd2 Qxd2 29. R4xd2 Rxc5 30. Bxa6 g5 31. e4 Bg4 32. Rf1 Bf3+ 33. Rxf3 Rxf3 34. Kxh2 Rfc3 35. Rd8+ Ke7 36. Rg8 Ra3 37. Bb7 Rc2+ 38. Kh1 Raxa2 0-1

[Event "Mislata op 54th"]
[Site "Mislata"]
[Date "2021.08.21"]
[Round "8"]
[White "Martinez Villena, David"]
[Black "Jordan Martinez, David"]
[Result "0-1"]
[WhiteElo "1959"]
[BlackElo "2140"]
[PlyCount "138"]
[EventDate "2021.08.16"]
[EventType "swiss"]
[EventRounds "9"]
[EventCountry "ESP"]
[SourceTitle "CBM 203 Extra"]
[Source "ChessBase"]
[SourceDate "2021.09.30"]
[SourceVersion "1"]
[SourceVersionDate "2021.09.30"]
[SourceQuality "1"]

1. e4 e6 2. d4 d5 3. Bd3 dxe4 4. Bxe4 Nf6 5. Bf3 c5 6. Ne2 Nc6 7. Be3 e5 8. Bxc6+ bxc6 9. dxe5 Qxd1+ 10. Kxd1 Ng4 11. Nd2 Nxe5 12. Re1 Be7 13. Ng3 Be6 14. f4 Ng4 15. f5 Nxe3+ 16. Rxe3 Bd7 17. c3 Kf8 18. Kc2 h5 19. Rf1 h4 20. Nge4 Rh5 21. Ref3 Re8 22. Nc4 Bc8 23. f6 gxf6 24. Ncd6 Ba6 25. Nxe8 Bxf1 26. Rxf1 Kxe8 27. Rxf6 Re5 28. Rf4 f5 29. Nf2 Kd7 30. c4 Re2+ 31. Kb3 Ke6 32. Rf3 Bd6 33. g3 hxg3 34. hxg3 Bxg3 35. Nd3 Bd6 36. Ka4 Re4 37. Kb3 f4 38. Kc3 Kf5 39. Rf1 Re2 40. a3 Ke4 41. Nf2+ Kf3 42. Nd3+ Ke3 43. b4 cxb4+ 44. axb4 f3 45. c5 Be7 46. b5 cxb5 47. c6 Bd8 48. Nc5 f2 49. Ne6 Ba5+ 50. Kb3 Re1 51. c7 Bxc7 52. Rxf2 Kxf2 53. Nxc7 Re7 54. Nxb5 Ke3 55. Ka4 Kd3 56. Ka5 Kc4 57. Nd6+ Kc5 58. Nb5 Re1 59. Ka4 Ra1+ 60. Na3 a6 61. Kb3 Rh1 62. Nc2 Rh3+ 63. Kb2 a5 64. Ka2 Kc4 65. Na3+ Kb4 66. Nc2+ Kc3 67. Na3 Rh2+ 68. Ka1 Kb3 69. Nb1 Ra2# 0-1

[Event "Mislata op 54th"]
[Site "Mislata"]
[Date "2021.08.20"]
[Round "7"]
[White "Jordan Martinez, David"]
[Black "Garcia Oviedo, Alejandro"]
[Result "1-0"]
[WhiteElo "2140"]
[BlackElo "2002"]
[PlyCount "59"]
[EventDate "2021.08.16"]
[EventType "swiss"]
[EventRounds "9"]
[EventCountry "ESP"]
[SourceTitle "CBM 203 Extra"]
[Source "ChessBase"]
[SourceDate "2021.09.30"]
[SourceVersion "1"]
[SourceVersionDate "2021.09.30"]
[SourceQuality "1"]

1. e4 e5 2. Nc3 Nc6 3. f4 d6 4. Bc4 Be7 5. Nf3 Nf6 6. d3 0-0 7. a3 exf4 8. Bxf4 Be6 9. Bxe6 fxe6 10. Qd2 Nh5 11. Be3 d5 12. d4 Na5 13. b3 dxe4 14. Nxe4 Qd5 15. Nc3 Qc6 16. 0-0 Rad8 17. Ne5 Qe8 18. Rxf8+ Bxf8 19. Rf1 c5 20. Ne4 cxd4 21. Bxd4 Nc6 22. Nxc6 Qxc6 23. Qf2 Bxa3 24. Qf7+ Kh8 25. Ng5 Qe8 26. Nxe6 Qxf7 27. Rxf7 Re8 28. Rxb7 Rxe6 29. Rb8+ Bf8 30. Rxf8# 1-0

[Event "Mislata op 54th"]
[Site "Mislata"]
[Date "2021.08.19"]
[Round "6"]
[White "Navarro Diaz, Carles"]
[Black "Jordan Martinez, David"]
[Result "1/2-1/2"]
[WhiteElo "2085"]
[BlackElo "2140"]
[PlyCount "74"]
[EventDate "2021.08.16"]
[EventType "swiss"]
[EventRounds "9"]
[EventCountry "ESP"]
[SourceTitle "CBM 203 Extra"]
[Source "ChessBase"]
[SourceDate "2021.09.30"]
[SourceVersion "1"]
[SourceVersionDate "2021.09.30"]
[SourceQuality "1"]

1. e4 e6 2. Qe2 c5 3. Nf3 Nc6 4. c3 g6 5. d4 cxd4 6. cxd4 Bg7 7. d5 Nd4 8. Nxd4 Bxd4 9. Nc3 a6 10. Be3 Bxe3 11. Qxe3 b5 12. d6 Bb7 13. Be2 Nf6 14. Qd4 0-0 15. f4 Rb8 16. b4 e5 17. fxe5 Nxe4 18. Bf3 Nxc3 19. Bxb7 Rxb7 20. Qxc3 Qh4+ 21. g3 Qe4+ 22. Kf2 Rb6 23. Rhe1 Qg4 24. Qf3 Qxb4 25. Rac1 f6 26. Qd5+ Kg7 27. Kg2 Qb2+ 28. Kh3 fxe5 29. Rc7 Rf7 30. Rxe5 Qf2 31. Re7 Qf1+ 32. Kh4 Qf6+ 33. Kh3 Qf1+ 34. Kh4 Qf6+ 35. Kh3 Qf1+ 36. Kh4 Qf6+ 37. Kh3 Qf1+ 1/2-1/2

[Event "Mislata op 54th"]
[Site "Mislata"]
[Date "2021.08.18"]
[Round "4"]
[White "Guardiola Guillot, Lucas"]
[Black "Jordan Martinez, David"]
[Result "0-1"]
[WhiteElo "2047"]
[BlackElo "2140"]
[PlyCount "52"]
[EventDate "2021.08.16"]
[EventType "swiss"]
[EventRounds "9"]
[EventCountry "ESP"]
[SourceTitle "CBM 203 Extra"]
[Source "ChessBase"]
[SourceDate "2021.09.30"]
[SourceVersion "1"]
[SourceVersionDate "2021.09.30"]
[SourceQuality "1"]

1. c4 c5 2. g3 Nc6 3. Bg2 g6 4. Nc3 Bg7 5. e3 h5 6. Nf3 d6 7. 0-0 Bg4 8. h3 Bd7 9. d4 cxd4 10. exd4 Qc8 11. Nd5 Kf8 12. Nf4 Nh6 13. Nh4 Nf5 14. Nhxg6+ fxg6 15. Nxg6+ Kf7 16. Nxh8+ Qxh8 17. Qb3 Nfxd4 18. Qxb7 Qc8 19. Qxc8 Rxc8 20. Be3 Rb8 21. Kh2 Rxb2 22. Rab1 Rxa2 23. Rb7 Be6 24. Bxd4 Nxd4 25. Re1 Rxf2 26. Kg1 Rd2 0-1

[Event "Mislata op 54th"]
[Site "Mislata"]
[Date "2021.08.17"]
[Round "2"]
[White "Selva Salvador, Antonio"]
[Black "Jordan Martinez, David"]
[Result "0-1"]
[WhiteElo "1882"]
[BlackElo "2140"]
[PlyCount "69"]
[EventDate "2021.08.16"]
[EventType "swiss"]
[EventRounds "9"]
[EventCountry "ESP"]
[SourceTitle "CBM 203 Extra"]
[Source "ChessBase"]
[SourceDate "2021.09.30"]
[SourceVersion "1"]
[SourceVersionDate "2021.09.30"]
[SourceQuality "1"]

1. d4 d5 2. Nf3 Nf6 3. c4 dxc4 4. Nc3 a6 5. a4 Nc6 6. e3 Bg4 7. Bxc4 e6 8. 0-0 Bd6 9. e4 Bxf3 10. gxf3 Nxd4 11. f4 Be7 12. e5 Ng8 13. Be3 c5 14. Qg4 Nh6 15. Qg2 Qb6 16. Ne4 Nhf5 17. Bxd4 cxd4 18. a5 Qb4 19. b3 Bh4 20. Ra4 Qe7 21. Nd6+ Nxd6 22. exd6 Qxd6 23. Qxb7 0-0 24. Qe4 Bf6 25. Bd3 g6 26. Rc1 Rac8 27. Rac4 Rxc4 28. Rxc4 Qa3 29. Qb7 Qxa5 30. Rc8 Qd2 31. Rxf8+ Kxf8 32. Qb8+ Kg7 33. Bxa6 d3 34. Kg2 Bd4 35. Qb7 0-1

[Event "Gibraltar Challengers op-A"]
[Site "Caleta"]
[Date "2019.01.23"]
[Round "3"]
[White "Jordan Martinez, David"]
[Black "Torres, Federico"]
[Result "0-1"]
[WhiteElo "2125"]
[BlackElo "2196"]
[PlyCount "104"]
[EventDate "2019.01.21"]
[EventType "swiss"]
[EventRounds "5"]
[EventCountry "GGB"]
[SourceTitle "CBM 188 Extra"]
[Source "ChessBase"]
[SourceDate "2019.02.26"]
[SourceVersion "1"]
[SourceVersionDate "2019.02.26"]
[SourceQuality "1"]

1. e4 e5 2. Nf3 Nc6 3. Bc4 Nf6 4. 0-0 Nxe4 5. Nc3 Nxc3 6. dxc3 Qf6 7. Ng5 Nd8 8. f4 h6 9. Ne4 Qb6+ 10. Kh1 exf4 11. Bxf4 Be7 12. Qg4 Rh7 13. Qg3 d6 14. Rae1 Be6 15. Bxe6 Nxe6 16. Nxd6+ cxd6 17. Rxe6 fxe6 18. Qg6+ Kd7 19. Qxh7 Rf8 20. Qd3 Qxb2 21. a4 a6 22. h3 g5 23. Bg3 Rxf1+ 24. Qxf1 Qxc3 25. Kh2 Qxc2 26. a5 Qc3 27. Qb1 Qc7 28. Qg6 Qxa5 29. Qxh6 Qc3 30. Qh7 b5 31. h4 g4 32. h5 Qf6 33. h6 Kc6 34. Qg7 b4 35. Qh7 b3 36. Qe4+ Kc7 37. h7 b2 38. Be1 g3+ 39. Bxg3 Qh6+ 40. Kg1 Qc1+ 41. Kh2 b1Q 42. Qxb1 Qxb1 43. h8Q Qd3 44. Qa8 Qb5 45. Qe4 Kd7 46. Qh7 Qg5 47. Qb1 a5 48. Qb7+ Ke8 49. Qc6+ Kf7 50. Bxd6 Qh4+ 51. Kg1 Qd4+ 52. Kh1 Qd1+ 0-1

[Event "Almansa op-A 13th"]
[Site "Almansa"]
[Date "2018.08.04"]
[Round "6.3"]
[White "Jordan Martinez, David"]
[Black "Moreto Quintana, Alexandre"]
[Result "1-0"]
[WhiteElo "2162"]
[BlackElo "2121"]
[PlyCount "119"]
[EventDate "2018.08.02"]
[EventType "swiss"]
[EventRounds "7"]
[EventCountry "ESP"]
[SourceTitle "EXT 2024"]
[Source "ChessBase"]
[SourceDate "2023.10.10"]
[SourceVersion "1"]
[SourceVersionDate "2023.10.10"]
[SourceQuality "1"]

1. e4 e5 2. Nf3 Nf6 3. Nxe5 d6 4. Nf3 Nxe4 5. d4 d5 6. Bd3 Bf5 7. 0-0 Be7 8. Re1 0-0 9. Bf4 Bd6 10. Bxd6 Nxd6 11. Bxf5 Nxf5 12. Qd3 Nd6 13. Nbd2 Nd7 14. Ne5 f6 15. Nef3 Nb6 16. b3 Qd7 17. c4 Qf5 18. Qc3 dxc4 19. bxc4 c5 20. h3 Rae8 21. Qa5 cxd4 22. Qxa7 Qc5 23. Nb3 Qb4 24. c5 Nbc8 25. Qa5 Qxa5 26. Nxa5 Nb5 27. Nxb7 Rxe1+ 28. Rxe1 Nc3 29. Nxd4 Nxa2 30. Ne6 Rf7 31. Ned8 Re7 32. Ra1 Nb4 33. Ra8 Rc7 34. Ne6 Rc6 35. Nd6 Nd3 36. Rxc8+ Rxc8 37. Nxc8 Kf7 38. Nd8+ Ke8 39. Nb7 Kd7 40. Ncd6 Kc6 41. Kf1 Nf4 42. h4 Ng6 43. g3 Ne5 44. Ke2 h5 45. f4 Ng4 46. Kf3 g6 47. f5 gxf5 48. Kf4 Nh2 49. Kxf5 Nf1 50. Kf4 Nh2 51. Ne8 Ng4 52. Ned6 Nh2 53. Kf5 Nf1 54. Ne4 Kxb7 55. Kxf6 Kc6 56. Ke5 Ne3 57. Nf6 Kxc5 58. Nxh5 Kc6 59. Nf6 Kc7 60. Nd5+ 1-0

[Event "Almansa op-A 13th"]
[Site "Almansa"]
[Date "2018.08.03"]
[Round "4.2"]
[White "Jordan Martinez, David"]
[Black "Ibanez Aullana, Jose Ramon"]
[Result "0-1"]
[WhiteElo "2162"]
[BlackElo "2281"]
[PlyCount "142"]
[EventDate "2018.08.02"]
[EventType "swiss"]
[EventRounds "7"]
[EventCountry "ESP"]
[SourceTitle "EXT 2024"]
[Source "ChessBase"]
[SourceDate "2023.10.10"]
[SourceVersion "1"]
[SourceVersionDate "2023.10.10"]
[SourceQuality "1"]

1. e4 g6 2. d4 Bg7 3. Nc3 a6 4. f4 d5 5. e5 h5 6. Be3 Nh6 7. Nf3 Bg4 8. Be2 Nf5 9. Bf2 e6 10. Qd2 Bxf3 11. Bxf3 Nh4 12. Bxh4 Qxh4+ 13. g3 Qd8 14. 0-0 c5 15. Ne2 cxd4 16. Nxd4 Bf8 17. Kg2 Nc6 18. c3 Rc8 19. Be2 Na5 20. Bd3 Nc4 21. Qe2 Qb6 22. Bxc4 Rxc4 23. Rad1 Bc5 24. Nf3 a5 25. Rfe1 Be7 26. Rd4 Rc5 27. h3 Qb5 28. Qxb5+ Rxb5 29. Re2 Rc5 30. Ra4 Bd8 31. Rd4 b5 32. Kf1 Bb6 33. Ke1 Ke7 34. a3 Rhc8 35. Rd1 b4 36. axb4 axb4 37. cxb4 Rc4 38. Rdd2 Rxb4 39. Rc2 Ra8 40. Kf1 Ra2 41. Red2 Rb3 42. Kg2 Ra4 43. h4 Rab4 44. Ne1 Ba5 45. Re2 Rd4 46. Nf3 Rdd3 47. Rf2 Bb6 48. Rf1 Kd7 49. Re2 Kc6 50. Rc2+ Kb5 51. Re2 Kb4 52. Rc2 Be3 53. Ng5 Bd4 54. Rf3 Rxf3 55. Nxf3 Bxb2 56. Rc7 Bc3 57. Rxf7 Kc4 58. Rf6 Kd3 59. Rxe6 Ke3 60. Ng5 d4 61. Rd6 d3 62. e6 Rb2+ 63. Kh3 Rb8 64. e7 Re8 65. Re6+ Kd4 66. Re4+ Kd5 67. Re3 d2 68. Rd3+ Kc4 69. Rd8 Bd4 70. Rxe8 d1Q 71. Kg2 Qg1+ 0-1

[Event "La Roda op 45th"]
[Site "La Roda"]
[Date "2018.03.29"]
[Round "3"]
[White "Jordan Martinez, David"]
[Black "Lopez Mulet, Inigo"]
[Result "0-1"]
[WhiteElo "2165"]
[BlackElo "2341"]
[PlyCount "72"]
[EventDate "2018.03.28"]
[EventType "swiss"]
[EventRounds "9"]
[EventCountry "ESP"]
[SourceTitle "CBM 183 Extra"]
[Source "ChessBase"]
[SourceDate "2018.04.19"]
[SourceVersion "1"]
[SourceVersionDate "2018.04.19"]
[SourceQuality "1"]

1. e4 e6 2. d4 d5 3. Nc3 Nf6 4. Bg5 Bb4 5. e5 h6 6. Bc1 Ne4 7. Qg4 g6 8. Nge2 c5 9. a3 Bxc3+ 10. Nxc3 Nxc3 11. bxc3 Qa5 12. Bd2 Qa4 13. Qf3 cxd4 14. Bd3 b6 15. Qf6 Rh7 16. h4 dxc3 17. Bxc3 Nd7 18. Qf3 Ba6 19. h5 Bxd3 20. cxd3 g5 21. 0-0 Qf4 22. Qe2 d4 23. Bb2 Nxe5 24. Bc1 Qf5 25. f4 Nxd3 26. fxg5 Nxc1 27. Raxc1 Qxg5 28. Qa6 Rd8 29. Qxa7 Rg7 30. Rc2 d3 31. Rcf2 d2 32. Qa4+ Kf8 33. Rd1 Qxh5 34. Rfxd2 Rxg2+ 35. Kxg2 Rxd2+ 36. Rxd2 Qg5+ 0-1

[Event "Lorca op 6th"]
[Site "Lorca"]
[Date "2017.12.26"]
[Round "1"]
[White "Del Rio de Angelis, Salvador Gabriel"]
[Black "Jordan Martinez, David"]
[Result "1-0"]
[WhiteElo "2520"]
[BlackElo "2060"]
[PlyCount "31"]
[EventDate "2017.12.26"]
[EventType "swiss"]
[EventRounds "9"]
[EventCountry "ESP"]
[SourceTitle "CBM 182 Extra"]
[Source "ChessBase"]
[SourceDate "2018.02.23"]
[SourceVersion "1"]
[SourceVersionDate "2018.02.23"]
[SourceQuality "1"]

1. d4 Nf6 2. c4 e6 3. Nc3 Bb4 4. e3 0-0 5. Nge2 c6 6. a3 Ba5 7. c5 d6 8. cxd6 Qxd6 9. b4 Bc7 10. g3 e5 11. Bg2 Nbd7 12. 0-0 Nb6 13. Qc2 exd4 14. Nxd4 Qe5 15. Nce2 Qh5 16. e4 1-0

[Event "Mislata op 51st"]
[Site "Mislata"]
[Date "2017.08.11"]
[Round "7"]
[White "Kovacevic, Slobodan"]
[Black "Jordan Martinez, David"]
[Result "1-0"]
[WhiteElo "2304"]
[BlackElo "2095"]
[PlyCount "85"]
[EventDate "2017.08.07"]
[EventType "swiss"]
[EventRounds "9"]
[EventCountry "ESP"]
[SourceTitle "CBM 179 Extra"]
[Source "ChessBase"]
[SourceDate "2017.08.23"]
[SourceVersion "1"]
[SourceVersionDate "2017.08.23"]
[SourceQuality "1"]

1. d4 d5 2. Bf4 Nf6 3. e3 c5 4. c3 e6 5. Nd2 Nc6 6. Ngf3 Bd6 7. Bg3 0-0 8. Bd3 b6 9. Qe2 Bb7 10. e4 Be7 11. e5 Nh5 12. a3 a5 13. 0-0 g6 14. Rfd1 Ra7 15. Nf1 Qc8 16. Ne3 Ba6 17. Ng4 Bxd3 18. Qxd3 Qd8 19. Qe3 Re8 20. Bf4 Nxf4 21. Qxf4 h5 22. Nf6+ Kg7 23. Nxe8+ Qxe8 24. h3 Qh8 25. h4 c4 26. a4 Rb7 27. b3 cxb3 28. Rdb1 b5 29. Rxb3 b4 30. Rc1 Qe8 31. Ng5 Nd8 32. cxb4 Rxb4 33. Rxb4 axb4 34. Rc8 Qd7 35. Rb8 Qc7 36. Rb5 Qc2 37. Rxb4 Bxb4 38. Qf6+ Kg8 39. Qxd8+ Bf8 40. Qf6 Qc1+ 41. Kh2 Qc7 42. a5 Bg7 43. Qxf7+ 1-0

[Event "Mislata op 51st"]
[Site "Mislata"]
[Date "2017.08.08"]
[Round "2"]
[White "Jordan Martinez, David"]
[Black "Garcia Fernandez, Carlos"]
[Result "0-1"]
[WhiteElo "2095"]
[BlackElo "2295"]
[PlyCount "138"]
[EventDate "2017.08.07"]
[EventType "swiss"]
[EventRounds "9"]
[EventCountry "ESP"]
[SourceTitle "CBM 179 Extra"]
[Source "ChessBase"]
[SourceDate "2017.08.23"]
[SourceVersion "1"]
[SourceVersionDate "2017.08.23"]
[SourceQuality "1"]

1. e4 e5 2. Nf3 Nc6 3. Bc4 Nf6 4. d3 h6 5. c3 d6 6. Nbd2 g6 7. 0-0 Bg7 8. Re1 0-0 9. Nf1 a6 10. Bb3 d5 11. Ng3 Be6 12. Qe2 Qd7 13. h3 Rad8 14. Be3 dxe4 15. dxe4 Bxb3 16. axb3 Qe6 17. Qc4 Rfe8 18. Qxe6 Rxe6 19. b4 Red6 20. Kf1 Nh7 21. Ke2 Nf8 22. Red1 Ne6 23. Rxd6 Rxd6 24. Rd1 Nf4+ 25. Bxf4 exf4 26. Rxd6 cxd6 27. Nf1 Kf8 28. N1d2 Ke7 29. Nc4 Ke6 30. Kd3 g5 31. Na5 Nd8 32. Nb3 Kd7 33. Nbd4 Ne6 34. Nf5 Bf8 35. N3d4 a5 36. f3 axb4 37. cxb4 h5 38. b5 g4 39. hxg4 hxg4 40. b4 g3 41. Kc4 Be7 42. Nxe6 fxe6 43. Nd4 Bf6 44. Nc2 Kc7 45. Ne1 Kb6 46. Nd3 Be5 47. Ne1 Bg7 48. Nd3 Bh6 49. Nb2 Bg7 50. Na4+ Kc7 51. b6+ Kc6 52. b5+ Kd7 53. Nc3 Bxc3 54. Kxc3 e5 55. Kd3 Ke6 56. Kc4 d5+ 57. exd5+ Kd6 58. Kc3 Kxd5 59. Kd3 e4+ 60. fxe4+ Ke5 61. Kd2 Kxe4 62. Ke2 f3+ 63. gxf3+ Kf4 64. Ke1 Kxf3 65. Kf1 Ke4 66. Kg2 Kd5 67. Kxg3 Kc5 68. Kf4 Kxb6 69. Ke4 Kxb5 0-1

[Event "Almansa op-A 12th"]
[Site "Almansa"]
[Date "2017.08.03"]
[Round "4"]
[White "Prieto Aranguren, Alain"]
[Black "Jordan Martinez, David"]
[Result "1-0"]
[WhiteElo "2286"]
[BlackElo "2095"]
[PlyCount "87"]
[EventDate "2017.08.01"]
[EventType "swiss"]
[EventRounds "9"]
[EventCountry "ESP"]
[SourceTitle "CBM 179 Extra"]
[Source "ChessBase"]
[SourceDate "2017.08.23"]
[SourceVersion "1"]
[SourceVersionDate "2017.08.23"]
[SourceQuality "1"]

1. d4 Nf6 2. Bg5 Ne4 3. Bf4 e6 4. f3 Bd6 5. Bxd6 Nxd6 6. e4 f5 7. e5 Nf7 8. f4 0-0 9. Nc3 d6 10. Nf3 c5 11. dxc5 dxe5 12. Qxd8 Rxd8 13. Nxe5 Nxe5 14. fxe5 Nc6 15. Bb5 Nxe5 16. 0-0 Nc6 17. Rad1 Kf8 18. Bxc6 Rxd1 19. Rxd1 bxc6 20. Rd6 Ke7 21. Rxc6 Bd7 22. Rc7 Kd8 23. Rb7 Kc8 24. c6 Bxc6 25. Rxg7 Rb8 26. Rg8+ Kc7 27. Rxb8 Kxb8 28. Kf2 Kc7 29. g3 Kd6 30. Ke3 e5 31. Ne2 Kc5 32. Nc1 h5 33. Nd3+ Kd6 34. h4 Be4 35. b3 Bxd3 36. cxd3 a5 37. a3 Kd5 38. Kd2 Kd4 39. b4 a4 40. Kc2 Kd5 41. Kc3 e4 42. dxe4+ fxe4 43. Kd2 Kc4 44. Ke3 1-0

[Event "Almansa op-A 12th"]
[Site "Almansa"]
[Date "2017.08.02"]
[Round "2"]
[White "Jordan Martinez, David"]
[Black "Silva Rodriguez, Fernando"]
[Result "0-1"]
[WhiteElo "2095"]
[BlackElo "2235"]
[PlyCount "98"]
[EventDate "2017.08.01"]
[EventType "swiss"]
[EventRounds "9"]
[EventCountry "ESP"]
[SourceTitle "CBM 179 Extra"]
[Source "ChessBase"]
[SourceDate "2017.08.23"]
[SourceVersion "1"]
[SourceVersionDate "2017.08.23"]
[SourceQuality "1"]

1. e4 e5 2. Nf3 Nc6 3. Bc4 Bc5 4. c3 Nf6 5. d3 0-0 6. Bg5 h6 7. Bh4 Be7 8. Nbd2 d6 9. 0-0 Na5 10. Bb5 a6 11. Ba4 c5 12. Re1 b5 13. Bc2 Nd7 14. Bg3 Bf6 15. Nf1 Nb6 16. Ne3 Nc6 17. Bb3 Be6 18. Bxe6 fxe6 19. Nc2 Qc7 20. Qe2 Rfe8 21. Rad1 Qe7 22. d4 exd4 23. cxd4 e5 24. dxc5 dxc5 25. Ne3 Nd4 26. Nxd4 cxd4 27. Nf5 Qe6 28. Rc1 Rac8 29. b3 Kh7 30. Rxc8 Rxc8 31. f4 Rd8 32. Qd2 Nd7 33. h3 Nf8 34. fxe5 Bxe5 35. Bxe5 Qxe5 36. a4 Ne6 37. axb5 axb5 38. Ne7 Rd7 39. Nd5 Nc5 40. Nb6 Rd6 41. Nc8 Rg6 42. b4 Ne6 43. Ne7 Rg5 44. Nd5 Qg3 45. Kh1 Rh5 46. Rf1 Re5 47. Re1 Qg6 48. Nf4 Qg5 49. g3 Qxg3 0-1